000 02676nam a2200361 4500
999 _c6589
_d6589
008 240228b ||||| |||| 00| 0 spa d
022 _a9789873016776
245 1 0 _aRevista de Derechos de daños :
_bresponsabildad civil - I /
_cJorge Mosset Iturraspe ; Ricardo Luis Lorenzetti directores.
260 _aBuenos Aires :
_bRubinzal Culzoni,
_c2025.
300 _a742 p.
_c22 cm.
310 _acuatrimestral
362 _aNo.1 (2025)
505 _t Bases constitucionales de la responsabilidad civil /
_rFernando Braceiro.
505 _tResponsabilidad: una mirada general del tema /
_rMariano Gagliard.
505 _tResponsabilidad civil y causales de justificación. posibles desafíos para su aplicación en supuestos donde interviene la IA /
_rG. Elizabeth Schmieloz.
505 _tEl principio general del derecho a la prevención del daño y la responsabilidad civil preventiva. enfoque conceptual /
_r Jorge Mario Galdós.
505 _tEl límite de responsabilidad civil por incumplimiento: imposibilidad de cumplir e inexigibilidad de la prestación /
_rFederico Carlos Wayar.
505 _tEximente de responsabilidad por el hecho del damnificado /
_r Mariano R. Zurueta.
505 _tResponsabilidad por caso fortuito o por imposibilidad de cumplimiento - análisis del artículo 1733 del código civil y comercial de la nación argentina /
_r Marcial Sorazábal.
505 _tEl hecho de un tercero - la impronta de la jurisprudencia a la hora de evaluar la eximente de responsabilidad civil frente a los casos de inseguridad y de vandalismo /
_r Aldo M. Di Vito.
505 _tEl Consentimiento Del Damnificado Como Eximente De Responsabilidad - Análisis Del Artículo 1720 Del Código Civil Y Comercial Argentino /
_r José Fernando Márquez y Florencia Bollatti.
505 _tArtículo 1725 del código civil y comercial. valoración de la conducta con especial atención a los profesionales liberales /
_rr Rodrigo Padilla y Luciana Busnelli.
505 _t“Caso fortuito” y “fuerza mayor”, características, generalidades y casuística /
_rAnalía Victoria Romero.
505 _tDeber de reparar. antijuridicidad /
_rEnrique Carlos Müller.
505 _tLa prueba en los procesos de daños /
_rAbraham Luis Vargas.
505 _tFactores de atribución /
_r Roberto A. Vázquez Ferreyra.
505 _tRelación causal. tipo de consecuencias. previsibilidad contractual /
_rFernando Alfredo Sagarna.
650 0 _93331
_aDAÑO
650 0 _91467
_aRESPONSABILIDAD CIVIL
700 _9528
_aMosset Iturraspe, Jorge
_edirector
700 _9529
_aLorenzetti, Ricardo Luis
_edirector
942 _2udc
_cPP